<?xml version="1.0" encoding="UTF-8"?>
<record
    xmlns:xsi="http://www.w3.org/2001/XMLSchema-instance"
    xsi:schemaLocation="http://www.loc.gov/MARC21/slim http://www.loc.gov/standards/marcxml/schema/MARC21slim.xsd"
    xmlns="http://www.loc.gov/MARC21/slim">

  <leader>01038nam a22001577a 4500</leader>
  <datafield tag="999" ind1=" " ind2=" ">
    <subfield code="c">523999</subfield>
    <subfield code="d">523999</subfield>
  </datafield>
  <controlfield tag="008">231020b           ||||| |||| 00| 0 eng d</controlfield>
  <datafield tag="100" ind1=" " ind2=" ">
    <subfield code="a">Kaur, Gursharan and Luthra, Ashwani </subfield>
    <subfield code="9">44577</subfield>
  </datafield>
  <datafield tag="245" ind1=" " ind2=" ">
    <subfield code="a">Issues regarding infrastructure provisions in formal private sector housing (FPSH) in Amritsar, Punjab, India </subfield>
  </datafield>
  <datafield tag="260" ind1=" " ind2=" ">
    <subfield code="a">Nagarlok</subfield>
  </datafield>
  <datafield tag="300" ind1=" " ind2=" ">
    <subfield code="a">55(1), Mar, 2023: p.21-40</subfield>
  </datafield>
  <datafield tag="520" ind1=" " ind2=" ">
    <subfield code="a">During 1991, India pursed economic reform and liberalized various economic sectors, housing was also one of them. The condoned increment of urban population and   limited public sector resources to fulfill the ever rising needs of the urbanities has been the mother land of private sector participation in the housing and infrastructure sector in the global and Indian market. &#x2013; Reproduced    </subfield>
  </datafield>
  <datafield tag="650" ind1=" " ind2=" ">
    <subfield code="a">Infrastructure,  Formal Private sector, The Punjab apartment and property regulation act, 1995 (Amended in 2006), Punjab urban planning and development authority (PUDA). </subfield>
    <subfield code="9">41127</subfield>
  </datafield>
  <datafield tag="773" ind1=" " ind2=" ">
    <subfield code="a">Nagarlok</subfield>
  </datafield>
  <datafield tag="906" ind1=" " ind2=" ">
    <subfield code="a">HOUSING</subfield>
  </datafield>
  <datafield tag="942" ind1=" " ind2=" ">
    <subfield code="c">AR</subfield>
  </datafield>
  <datafield tag="952" ind1=" " ind2=" ">
    <subfield code="0">0</subfield>
    <subfield code="1">0</subfield>
    <subfield code="2">ddc</subfield>
    <subfield code="4">0</subfield>
    <subfield code="7">0</subfield>
    <subfield code="9">399049</subfield>
    <subfield code="a">IIPA</subfield>
    <subfield code="b">IIPA</subfield>
    <subfield code="d">2023-10-20</subfield>
    <subfield code="h">55(1), Mar, 2023: p.21-40</subfield>
    <subfield code="p">AR129883</subfield>
    <subfield code="r">2023-10-20</subfield>
    <subfield code="y">AR</subfield>
  </datafield>
</record>
